| 000 | 00712nam a2200217 4500 | ||
|---|---|---|---|
| 003 | OSt | ||
| 005 | 20240610054053.0 | ||
| 006 | a | ||
| 008 | 240610b |||||||| |||| 00| 0 eng d | ||
| 040 |
_aDWCL-Main lib. _cOC |
||
| 082 | _aCirc. 530.076 L475m 2003 | ||
| 100 | _aLeduc, Steven A | ||
| 245 | _aMCAT physical sciences review / | ||
| 260 |
_aS.l. : _bThe Princeton Review, _cc2003. |
||
| 300 |
_b550 p. : col. ill. ; _c28 cm. |
||
| 650 | _a1. Medical College Admission Tests–Study guides. | ||
| 650 | _a2. Medical colleges–U.S.–Entrance Examinations–Study guides. | ||
| 650 | _a3. Physical sciences–Examinations, questions, etc. | ||
| 700 | _aSteven A Leduc | ||
| 942 |
_2ddc _n0 _cBK-CIRC _kCirc. |
||
| 999 |
_c459 _d459 |
||